Online
Catalog
Normal view MARC view

Entry Nombre personal

Number of records used in: 14

001 - NÚMERO DE CONTROL

  • campo de control: 7082

003 - IDENTIFICADOR DEL NÚMERO DE CONTROL

  • campo de control: BNPHU

005 - FECHA Y HORA DE LA ÚLTIMA TRANSACCIÓN

  • campo de control: 20240228131639.0

008 - DATOS DE LONGITUD FIJA

  • campo de control de longitud fija: 200615|| aca||aabn | a|a d

040 ## - FUENTE DE LA CATALOGACIÓN

  • Centro catalogador/agencia de origen: DO-SdBNP
  • Lengua de catalogación: spa
  • Centro/agencia transcriptor: BNPHU
  • Normas de descripción: rda

100 1# - ENCABEZAMIENTO-NOMBRE DE PERSONA

  • Nombre de persona: Hernández, Rita Indiana,
  • Fechas asociadas al nombre: 1977-

370 ## - LUGAR ASOCIADO

  • Lugar de nacimiento: Santo Domingo (República Dominicana)

374 ## - OCUPACIÓN

  • Ocupación: Autora
  • Ocupación: Poeta
  • Ocupación: Ensayista
  • Ocupación: Cantante

375 ## - GÉNERO/SEXO

  • Género/Sexo: Femenino

377 ## - LENGUA/LENGUAJE ASOCIADO

  • Código del idioma: spa

400 1# - TRAZADO DE VÉASE--NOMBRE DE PERSONA

  • Nombre de persona: Indiana Hernández, Rita,
  • Fechas asociadas al nombre: 1977

670 ## - FUENTE DE DATOS ENCONTRADOS

  • Cita de la fuente: Papi, 2011

670 ## - FUENTE DE DATOS ENCONTRADOS

  • Cita de la fuente: Cuentos y poemas, (1998-2003), 2017:

Powered by Koha